000 00504nam a2200181Ia 4500
005 20250508151055.0
008 008 250505s9999 xx 000 0 eng d
037 _aTextual
040 _aFEDL
_beng
_cFEDL
041 _aeng
_2eng
084 _a530, NOK
_qFEDL
100 _aNokes M C
_949772
245 0 _aDemonstrations in modern physics
260 _aMelbourne, Austraila
_bWilliam Heinemann Limited
_c1952
300 _a134p.
942 _cTEXL
_h530, NOK
999 _c1327430
_d1327430